[Event "GER-ch U12"]
[Site "Willingen"]
[Date "2004.06.02"]
[Round "8"]
[White "Duerre, Gregor"]
[Black "Oat, Daniela"]
[Result "1-0"]
[WhiteElo "1370"]
[BlackElo "943"]
[PlyCount "96"]
[EventDate "2004.06.??"]
[EventType "swiss"]
[EventRounds "11"]
[EventCountry "GER"]
[SourceTitle "EXT 2005"]
[Source "ChessBase"]
[SourceDate "2004.11.15"]
[SourceVersion "1"]
[SourceVersionDate "2004.11.15"]
[SourceQuality "1"]

1. e4 c5 2. Nc3 d6 3. d3 Bd7 4. g3 Nc6 5. f4 g6 6. Bg2 e6 7. Rb1 Bg7 8. Be3 e5 9. Nf3 Nf6 10. 0-0 0-0 11. h3 Qc8 12. Kh2 Nh5 13. Nd2 Nd4 14. Nd5 Re8 15. c3 Nc6 16. g4 Nf6 17. Nxf6+ Bxf6 18. f5 Rf8 19. c4 Nb4 20. Qb3 b5 21. a3 bxc4 22. dxc4 Nc6 23. fxg6 fxg6 24. Bh6 Nd4 25. Qd3 Rf7 26. g5 Bg7 27. Rxf7 Kxf7 28. Qf1+ Kg8 29. Bxg7 Kxg7 30. Qf6+ Kg8 31. Qxd6 Qe8 32. Qxc5 Qe6 33. Qd5 Qxd5 34. cxd5 Rc8 35. Nf3 Nxf3+ 36. Bxf3 Rc2+ 37. Kg3 Bb5 38. h4 Be2 39. Bxe2 Rxe2 40. Kf3 Rh2 41. Rc1 Rxh4 42. Rc8+ Kg7 43. Rc7+ Kg8 44. Rxa7 h6 45. gxh6 Rxh6 46. Re7 Rh5 47. d6 Rh2 48. d7 Rd2 1-0

[Event "GER-ch U10"]
[Site "Willingen"]
[Date "2003.06.11"]
[Round "8"]
[White "Baisakow, Christine"]
[Black "Oat, Daniela"]
[Result "0-1"]
[WhiteElo "1060"]
[BlackElo "850"]
[PlyCount "68"]
[EventDate "2003.06.08"]
[EventType "swiss"]
[EventRounds "11"]
[EventCountry "GER"]
[SourceTitle "CBM 094 Extra"]
[Source "ChessBase"]
[SourceDate "2003.07.09"]
[SourceVersion "2"]
[SourceVersionDate "2003.07.09"]
[SourceQuality "1"]

1. e4 e5 2. Nf3 Nc6 3. Bc4 Bc5 4. c3 Nf6 5. d3 d6 6. 0-0 Bg4 7. Be3 0-0 8. Nbd2 Be6 9. Bb3 Ng4 10. Bxc5 dxc5 11. Bxe6 fxe6 12. Nb3 Qf6 13. d4 exd4 14. cxd4 cxd4 15. Nbxd4 Nxd4 16. Nxd4 Qf4 17. g3 Qh6 18. Qxg4 Rf6 19. e5 Rg6 20. Qf3 Rf8 21. Qb3 Qh3 22. Nf3 Rh6 23. Nh4 Rf5 24. Rfd1 Rg5 25. Qxb7 Rxh4 26. Qxc7 Qxh2+ 27. Kf1 Qh1+ 28. Ke2 Re4+ 29. Kd2 Rd4+ 30. Kc2 Qe4+ 31. Kc3 Rg4 32. Qe7 Qc6+ 33. Kb3 Qb5+ 34. Ka3 Qa4# 0-1